Philosophes allemands (par oeuvre). - Statistiques

Statistiques générales
  • Ce quiz a été pris 93 fois
    44 depuis la dernière actualisation
  • Le résultat moyen est 6 sur 10
Statistiques - réponses
Questions Réponses % Correct
La critique de la raison pure. Emmanuel Kant
97%
Le Capital. Karl Marx
95%
L'art d'avoir toujours raison. Arthur Schopenhauer
84%
La phénoménologie de l'Esprit. Friedrich Hegel
81%
Le Gai Savoir. Friedrich Nietzsche
81%
L'être et l'étant. Martin Heidegger
68%
Discours à la nation allemande. Johann Fichte
22%
L'essence du christianisme. Ludwig Feuerbach
22%
Dialectique de la raison. Theodor Adorno
16%
Esthétique. Alexander Baumgarten
3%
Aucun quiz correspondant
Distribution des résultats
% des personnes avec chaque résultat
Percentile par nombre de réponses
Votre historique - résultats
Vous n’avez pas pris ce quiz depuis la dernière actualisation